00607nam a22001817a 450000500170000001000150001702000260003203500140005803700130007208200120008510000180009724500610011525000190017626000420019527001410023730000270037850000200040520190716155231.0 aENG-125954 a9789353436551c799.00 aEN-109486 bDBAD/PUB a620.136 aNeville. A.M. aConcrete technology /cby A.M. Neville [and] J.J. Brooks aSecond edition aNoida bPearson India Educationc2019 a15th Floor, Tower-B, World Trade Tower, Plot No.I, Block-C, Sector 16bNoida, Uttar Pradesh e201301mcompanysecretary.india@pearson.com axviii,442p.c23cm(pbk) aIncludes index